|
|
|
|
| LEADER |
01171nam a22002657i 4500 |
| 001 |
28917 |
| 003 |
BD-DhAAL |
| 005 |
20260426125809.0 |
| 008 |
150228s2012 bg 000 1 ben |
| 020 |
|
|
|a 9789845020527
|
| 040 |
|
|
|a BD-DhAAL
|c BD-DhAAL
|
| 041 |
|
|
|a ben
|
| 082 |
|
|
|a 891.4/4371
|
| 100 |
1 |
|
|a আহমেদ, হুমায়ূন,
|d ১৯৪৮-২০১২,
|9 6691
|
| 245 |
1 |
0 |
|a বাছাই গল্প /
|c হুমায়ূন আহমেদ ; সম্পাদিত সালেহ চৌধুরী কর্তৃক.
|
| 260 |
|
|
|a ঢাকা :
|b অন্য প্রকাশ,
|c ২০১২.
|
| 300 |
|
|
|a ১৮৩ পৃ ;
|c ২২ সে.মি.
|
| 500 |
|
|
|a Novel.
|
| 541 |
|
|
|e 28917
|
| 546 |
|
|
|a In Bengali.
|
| 651 |
|
0 |
|a Bangladesh
|x Fiction.
|9 6692
|
| 700 |
1 |
|
|a চৌধুরী, সালেহ.
|9 8826
|
| 942 |
|
|
|2 ddc
|c BK
|
| 999 |
|
|
|c 33810
|d 33810
|
| 952 |
|
|
|0 0
|1 0
|2 ddc
|4 1
|6 891_443710000000000_AHA
|7 0
|9 52794
|a BRACUL
|b BRACUL
|d 2015-02-28
|e BRAC Institute of Language (BIL)
|l 22
|m 68
|o 891.44371 AHA
|p 3010028917
|r 2026-04-18
|s 2026-01-15
|t 1
|w 2015-02-28
|y BK
|x Transferred from BIL to BRACUL on 06/06/22 ; Damaged declared on 26.04.2026
|